000 00342 a2200157 4500
001 169657
020 _a85-10-02841-9
040 _cMagnum
100 _aBraz, Julio Emilio
240 1 0 _aQuem me dera ser feliz
_lpor
245 1 0 _aQuem me dera ser feliz
300 _a110
362 0 _a2001
697 _aLITERATURA JUVENIL
942 _cBK
999 _c169657
_d169657